Statistiques concernant 15 principaux pays touchés par Covid-19 - 24 septembre

Cliquez ici pour prendre le quiz!

Statistiques générales

  • Ce quiz a été pris 23 fois
  • Le résultat moyen est 10 sur 24

Statistiques - réponses

pays% Correct
Etats-Unis
100%
France
100%
Royaume-Uni
84%
Espagne
79%
Mexique
68%
Inde
63%
Russie
63%
Brésil
53%
Chili
42%
Chili
42%
Argentine
37%
Iran
37%
Colombie
32%
Israël
32%
Pérou
32%
Afrique du Sud
21%
Bangladesh
21%
Panama
21%
Bahreïn
16%
Koweït
16%
Oman
16%
Qatar
16%
Arménie
11%
Costa Rica
11%

Distribution des résultats

Percentile par nombre de réponses

% des personnes avec chaque résultat

Votre développement - résultats

Vous n’avez pas pris ce quiz